000 00939nab a2200277 u 4500
001 14391
003 HDC
007 cr bn ---aaaaa
008 210201b20120815my ||||| |||| 00| 0 may d
040 _aHDC
245 0 _aP1 perkenal pakej untuk segmen PKS
246 _aTiga ratus lima puluh sembilan
260 _aKuala Lumpur :
_bThe New Straits Times Press (M) Bhd.,
_c2012
300 _a1 online resource
336 _atext
_2rdacontent
337 _acomputer
_2rdamedia
338 _aonline resource
_2rdacarrier
610 _aPacket One Networks (Malaysia) Sdn. Bhd.
_914975
650 _aEntrepreneurship
_9209
650 _aSmall business
_9208
710 _aHarian Metro,
_eissung body
856 _zRequest full-text at [email protected]
942 _2lcc
942 _cNEWS
942 _kNWSC 003225
999 _c11707
_d11707